Global investment atlas (summary) (Record no. 110520)

MARC details
000 -LEADER
fixed length control field 01363cad a22002175a 4500
001 - CONTROL NUMBER
control field L149508
008 - FIXED-LENGTH DATA ELEMENTS--GENERAL INFORMATION
fixed length control field 100312s2010 xxkad f s 000 0 eng d
035 ## - SYSTEM CONTROL NUMBER
System control number (Sirsi) u149508
041 0# - LANGUAGE CODE
Language code of text/sound track or separate title eng
050 04 - LIBRARY OF CONGRESS CALL NUMBER
Classification number 333.33 $2 18
110 2# - MAIN ENTRY--CORPORATE NAME
Corporate name or jurisdiction name as entry element Cushman and Wakefield
9 (RLIN) 244
245 00 - TITLE STATEMENT
Title Global investment atlas (summary)
Remainder of title 2010
Medium [electronic resource]
260 ## - PUBLICATION, DISTRIBUTION, ETC.
Place of publication, distribution, etc. London
Name of publisher, distributor, etc. Cushman & Wakefield
Date of publication, distribution, etc. 2010
520 ## - SUMMARY, ETC.
Summary, etc. Global investment volumes led by an improving US market are forecast to rise 30% in 2010 reaching US$ 478bn (Euros 362bn). Monitoring investment flows in commercial property in 56 countries, the 2010 Global investment atlas suggests that this figure is likely to be even higher if economic recovery remains on track. Global investment volumes fell in 2009 by 23% to US$ 365bn (Euros 270bn), their lowest since 2003. With markets starting to recover and global liquidity improving, investment volumes ended 2009 strongly, increasing 104% between the first and second halves of the year.
521 ## - TARGET AUDIENCE NOTE
Target audience note Advanced
590 ## - LOCAL NOTE (RLIN)
Local note KA NTK
651 #4 - SUBJECT ADDED ENTRY--GEOGRAPHIC NAME
Geographic name International
690 ## - LOCAL SUBJECT ADDED ENTRY--TOPICAL TERM (OCLC, RLIN)
Topical term or geographic name as entry element PROPERTY-COMMERCIAL PROPERTY-COMMERCIAL PROPERTY MARKET
856 40 - ELECTRONIC LOCATION AND ACCESS
Uniform Resource Identifier <a href="https://www.cushwake.com/cwglobal/jsp/kcReportDetail.jsp?Country=GLOBAL&Language=EN&catId=100003&pId=c28000024p">https://www.cushwake.com/cwglobal/jsp/kcReportDetail.jsp?Country=GLOBAL&Language=EN&catId=100003&pId=c28000024p</a>
Public note View the summary report free of charge after registration at www.cushwake.com...
942 ## - ADDED ENTRY ELEMENTS (KOHA)
Suppress in OPAC 0
Holdings
Withdrawn status Lost status Source of classification or shelving scheme Damaged status Not for loan Home library Current library Shelving location Date acquired Total Checkouts Full call number Barcode Date last seen Copy number Price effective from Koha item type
    Dewey Decimal Classification     Virtual Virtual Online 12/03/2010   ONLINE PUBLICATION 149508-2001 06/08/2019 1 06/08/2019 Book